Nábožné Kázanj : které w Nedeli Swatodussnj roku 1824. w Chráme Ewangelickém A. W. Wrbicko Sto. Mikulášském w Sl. Liptowské Stolicy držel Mataus Blaho, přednj Slowa Božiho Kazatel a Welebného Senioratu Liptowského Senior. Na žádost mnohých, nákladkem některých wážných Poslucháčů wytlačené /
Uložené v:
| Hlavný autor: | |
|---|---|
| Médium: | Kniha |
| Jazyk: | Slovak |
| Vydané: |
W Levoči :
Pismem Jána Werthmühlera,
1825.
|
| Vydanie: | 1. wyd. |
| ISBN: |
(brož.) |
| Fyzický popis: |
23,[1] s. |
| Tagy: |
Pridať tag
Žiadne tagy, Buďte prvý kto otaguje tento záznam!
|
Titul je dostupný aj v ... 

MARC
| LEADER | 00000nam a22000004a 4500 | ||
|---|---|---|---|
| 001 | 000445921 | ||
| 005 | 20131205150821.0 | ||
| 008 | 131205s1825 xo e 000 0 slo d | ||
| 020 | |a (brož.) | ||
| 040 | |a SVKKK |b slo |c SVKKK |e AACR2 | ||
| 041 | 0 | |a slo | |
| 044 | |a xo |c SK | ||
| 100 | 1 | |a Blaho, Matúš |d 1772-1837 |4 aut | |
| 245 | 1 | 0 | |a Nábožné Kázanj : |b které w Nedeli Swatodussnj roku 1824. w Chráme Ewangelickém A. W. Wrbicko Sto. Mikulášském w Sl. Liptowské Stolicy držel Mataus Blaho, přednj Slowa Božiho Kazatel a Welebného Senioratu Liptowského Senior. Na žádost mnohých, nákladkem některých wážných Poslucháčů wytlačené / |c Matúš Blaho. |
| 250 | |a 1. wyd. | ||
| 260 | |a W Levoči : |b Pismem Jána Werthmühlera, |c 1825. | ||
| 300 | |a 23,[1] s. | ||
| 910 | |a svkkk | ||
| 998 | |a BK | ||
| 090 | |g SCKHL |k HIS - študovňa |a I.44552 |j 517046 |i 2720430774 |s Príručka / Študovňa | ||